| 000 | 01431cam a2200361 a 4500 | ||
|---|---|---|---|
| 001 | 16480553 | ||
| 005 | 20170105102910.0 | ||
| 008 | 100928s2010 nyua b 001 0 eng | ||
| 010 | _a 2010513758 | ||
| 020 | _a9781439172490 | ||
| 020 | _a9781439172513 (ebook) | ||
| 040 |
_aDLC _cDLC _dDLC |
||
| 043 |
_an-us--- _aa-af--- _aa-pk--- |
||
| 050 | 0 | 0 |
_aE908.3 _b.W66 2010 |
| 082 | 0 | 0 |
_a973.932/092 _222 |
| 100 | 1 |
_aWoodward, Bob, _d1943- |
|
| 245 | 1 | 0 | _aObama's wars / Bob Woodward. |
| 250 | _a1st Simon & Schuster hardcover ed. | ||
| 260 |
_aNew York : _bSimon & Schuster, _cc2010 |
||
| 300 |
_axviii, 441 p., [16] p. of plates : _bill. ; _c25 cm. |
||
| 504 | _aIncludes bibliographical references (p. [391]-416) and index. | ||
| 520 | _aWoodward shows Obama making the critical decisions on the Afghanistan War, the secret war in Pakistan and the worldwide fight against terrorism. | ||
| 600 | 1 | 0 |
_aObama, Barack _xMilitary leadership. |
| 650 | 0 |
_aNational security _zUnited States _xDecision making. |
|
| 650 | 0 |
_aAfghan War, 2001- _zUnited States. |
|
| 650 | 0 | _aWar on Terrorism, 2001-2009. | |
| 651 | 0 |
_aUnited States _xMilitary policy _xDecision making. |
|
| 651 | 0 |
_aPakistan _xMilitary relations _zUnited States. |
|
| 651 | 0 |
_aUnited States _xOfficials and employees _vInterviews. |
|
| 906 |
_a7 _bcbc _corignew _d2 _encip _f20 _gy-gencatlg |
||
| 942 |
_2ddc _cBK |
||
| 999 |
_c15095 _d15095 |
||